000 01624nam0a22002891 4500
001 rc\4763088
005 20260407215000.0
021 _aRU
_b68-12366
021 _aRU
_bРг2018-68
035 _a(NLR Aleph) 008997481
090 _a9285769
_c9285769
100 _a20130417d1967 |||y0rusy50 ca
101 0 _arus
102 _aRU
105 _aa z |||||
200 1 _aДоклады к I Международному конгрессу по механике скальных пород. (25 сентября - 1 октября 1966 г. Лиссабон, Португалия)
_fПод ред. засл. деятеля науки и техники, чл.-кор. АН СССР, д-ра техн. наук, проф. Н.А. Цытовича
_gОрдена Трудового Красного Знамени науч.-исслед. ин-т оснований и подземных сооружений Госстроя СССР. Нац. ассоциация СССР по механике грунтов и фундаментостроению
210 _aМосква
_cБ. и.
_d1967
215 _a188 с.
_cил.
_d24
300 _aОтпеч. множит. аппаратом
320 _aБиблиогр. в конце докладов
702 1 _aЦытович
_bН.А.
_f1900-
_gНиколай Александрович
_4340
710 1 2 _aМеждународный конгресс по механике скальных пород
_d1
_f1966
_eЛиссабон
_3RU\NLR\AUTH\8810144817
_9784027
801 0 _aRU
_bNLR
_gpsbo
801 1 _aRU
_bELAR
_2rusmarc
852 _aNLR
_j68-7/630
942 _cBOOK
980 _aNB